| 000 | 00638cab a2200217 4500 | ||
|---|---|---|---|
| 001 | WB3232-20 | ||
| 008 | 090401t1996 xxu||||| |||| 00| 0 eng d | ||
| 035 | _a(Sirsi) u73719 | ||
| 041 | _aeng | ||
| 245 | _aBusiness slow on parks | ||
| 260 | _c1996 | ||
| 350 | _a0 | ||
| 490 |
_aHerald _v22 August 1996, 27(1) |
||
| 520 | _aTake-up in Scotland`s business park market is `very patchy`, according to Grimley, resulting in little new development. | ||
| 650 | _aBUSINESS PARKS | ||
| 650 | _aGRIMLEY | ||
| 650 | _aSCOTLAND | ||
| 690 | _aPROPERTY-COMMERCIAL PROPERTY-COMMERCIAL PROPERTY MARKET | ||
| 942 | _n0 | ||
| 948 | _c04/03/1997 | ||
| 999 |
_c46544 _d46544 |
||